000 00454nam a2200181Ia 4500
001 8036
005 20260306160539.0
008 260306t2013||||xx |||||||||||||| ||spa||
041 _aESP
082 _a370.1
_bC75 V. 6
100 _aAljovín de Losada, Cristóbal
_eAUT
245 0 _aLa reforma educativa liberal, 1860-1879
260 _c2013
300 _axxv, 365 páginas :
_c25 cm.
650 _aGEN
654 _aCED
942 _cLIB
_dJUS
_fJUS
_2ddc
_n
999 _c8036
_d8036